NEC products (Record no. 120967)

MARC details
000 -LEADER
fixed length control field 00719cai a22002055a 4500
001 - CONTROL NUMBER
control field L155740
008 - FIXED-LENGTH DATA ELEMENTS--GENERAL INFORMATION
fixed length control field 120413u2010 xxk f 000 0 eng d
035 ## - SYSTEM CONTROL NUMBER
System control number (Sirsi) u155740
041 0# - LANGUAGE CODE
Language code of text/sound track or separate title eng
110 2# - MAIN ENTRY--CORPORATE NAME
Corporate name or jurisdiction name as entry element NEC
240 ## - UNIFORM TITLE
Uniform title NEC
245 00 - TITLE STATEMENT
Title NEC products
Medium [electronic resource]
260 ## - PUBLICATION, DISTRIBUTION, ETC.
Place of publication, distribution, etc. London
Name of publisher, distributor, etc. NEC
Date of publication, distribution, etc. 2010
520 ## - SUMMARY, ETC.
Summary, etc. Website for the NEC family of standard contracts with details of the contracts, news, training, and further information; NEC3 and NEC2. NEC was originally known as the 'New Engineering Contract'
590 ## - LOCAL NOTE (RLIN)
Local note KA
651 #4 - SUBJECT ADDED ENTRY--GEOGRAPHIC NAME
Geographic name International
690 ## - LOCAL SUBJECT ADDED ENTRY--TOPICAL TERM (OCLC, RLIN)
Topical term or geographic name as entry element Contracts
9 (RLIN) 6232
856 40 - ELECTRONIC LOCATION AND ACCESS
Uniform Resource Identifier <a href="https://www.neccontract.com/">https://www.neccontract.com/</a>
Public note View the website free of charge at www.neccontract.com
942 ## - ADDED ENTRY ELEMENTS (KOHA)
Suppress in OPAC 0
Holdings
Withdrawn status Lost status Source of classification or shelving scheme Damaged status Not for loan Home library Current library Shelving location Date acquired Total Checkouts Full call number Barcode Date last seen Copy number Price effective from Koha item type
    Dewey Decimal Classification     Virtual Virtual Online 13/04/2012   WEB-SITE 155740-2001 06/08/2019 1 06/08/2019 Online material